Ocean's Eleven - Statistics

General Stats
  • This quiz has been taken 601 times
  • The average score is 6 of 11
Answer Stats
# Hint Answer % Correct
3 Rusty Ryan Brad Pitt
98%
1 Danny Ocean George Clooney
98%
11 Linus Caldwell Matt Damon
87%
5 Virgil Malloy Casey Affleck
56%
8 Basher Tarr Don Cheadle
54%
2 Frank Catton Bernie Mac
48%
6 Turk Malloy Scott Caan
40%
4 Reuben Tishkoff Elliot Gould
38%
10 Saul Bloom Carl Reiner
23%
9 ''The Amazing'' Yen Shaobo Qin
10%
7 Livingston Dell Eddie Jemison
9%
No matching quizzes found
Score Distribution
Percent of People with Each Score
Percentile by Number Answered
Your Score History
You have not taken this quiz